Dokumentácia interného audítora v oblasti rezerv a opravných položiek v účtovníctve podnikateľských subjektov diplomová práca

Gespeichert in:
Bibliographische Detailangaben
1. Verfasser: Štvrtecká, Zuzana
Körperschaft: Fakulta hospodárskej informatiky EU. Katedra účtovníctva a audítorstva
Weitere Verfasser: Kastlerová, Sylvia
Format: Buch
Sprache:Slowakisch
Veröffentlicht: Bratislava 2015
Tags: Tag hinzufügen
Keine Tags, Fügen Sie das erste Tag hinzu!

MARC

LEADER 00000nbm a2200000 4500
001 0203416
005 20161212111039.8
041 0 |a slo 
044 |a SK 
245 1 0 |a Dokumentácia interného audítora v oblasti rezerv a opravných položiek v účtovníctve podnikateľských subjektov  |b diplomová práca  |c Zuzana Štvrtecká ; školiteľ: Sylvia Kastlerová 
264 1 |a Bratislava  |c 2015 
300 |a 67 s. 
100 1 |a Štvrtecká, Zuzana 
700 1 |a Kastlerová, Sylvia 
710 2 |a Fakulta hospodárskej informatiky EU. Katedra účtovníctva a audítorstva